01225nam a2200289Ia 4500001001200000003000800012006001900020007001500039008004100054020001500095040002100110035002000131050002600151100002200177245013100199260008400330300001100414533015200425650004800577650005200625650003900677655002900716700002800745710001700773856012600790999001900916ebr10044773CaPaEBRm u cr cn|||||||||031217s2003 vau gs 000 0 eng d z0871208830 aCaPaEBRcCaPaEBR a(OCoLC)5436021914aLB3013.3b.W47 2003eb1 aWessler, Stephen.14aThe respectful schoolh[electronic resource] :bhow educators and students can conquer hate and harassment /cStephen Wessler. aAlexandria, Va. :bAssociation for Supervision & Curriculum Development,c2003. a146 p. aElectronic reproduction.bPalo Alto, Calif. :cebrary,d2009.nAvailable via World Wide Web.nAccess may be limited to ebrary affiliated libraries. 0aSchool violencezUnited StatesxPrevention. 0aBullying in schoolszUnited StatesxPrevention. 0aSchool environmentzUnited States. 7aElectronic books.2local1 aPreble, William,d1953-2 aebrary, Inc.40uhttp://site.ebrary.com/lib/rucke/Doc?id=10044773zAn electronic book accessible through the World Wide Web; click to view c179231d179231